Responses for show #3039 - Thursday, November 13, 1997

1997-B Teen Tournament final game 1.
From DAR Constitution Hall in Washington, D.C.

Contestants

[<< previous game]

Enos Williams, a junior from Beaumont, Texas

Kristen Stuckey, a senior from Richardson, Texas

Sahir Islam, a senior from Somers, New York

[next game >>]

Jeopardy! Round responses

THE MAJESTIC EAGLE
PRESIDENTIAL FIRSTS
HIT TUNES
"RED", "WHITE" & "BLUE"
BIBLICAL PEOPLE
JUST SAY YES
    $100 6
[NOTE: This was the 69,000th clue entered into the J! Archive, 2006-10-03.]

monogamous

Enos
    $100 8
Jimmy Carter

Enos
    $100 1
"Loser"

Enos
    $100 24
(Alex: And we have a minute to go.)

Blue Bonnet

Enos
    $100 27
Noah

Sahir
    $100 25
Si

Enos
    $200 7
"eagle-eyed"

Sahir
    $200 9
(Sahir: Who is Roosevelt?)
(Alex: Which one?)
(Sahir: Franklin.)

Franklin D. Roosevelt

Sahir
    $300 2
(Enos: I have no idea!)

Your name

Enos
    $200 23
whitewash

Enos
    $200 28
Samson

Sahir
    $200 20
Russia

Sahir
    $300 13
raptor

Kristen
    $300 10
Dwight D. Eisenhower

Sahir
    $300 3
"Butterfly Kisses"

Enos
    $300 16
red alert

Triple Stumper
    $300 29
Pontius Pilate

Enos
    $300 19
Ja

Enos
    $400 21
the Golden Eagle

Enos
    $400 11
Woodrow Wilson

Sahir
    $400 4
Oasis

Enos
    $400 15
Blue Book

Kristen
    $400 30
Ruth

Kristen
    $400 18
(Sahir: What is ohayou?)

hai

Sahir
Triple Stumper
    $500 22
an aerie

Sahir
    $500 12
William Howard Taft

Sahir
    $500 5
When U Get There

Enos
    $500 14
the Red Cross

Enos
    $500 26
Paul

Sahir
    $500 17
Portuguese

Enos

Scores at the first commercial break (after clue 12):

Sahir Kristen Enos
$1,600 $0 $1,200

Scores at the end of the Jeopardy! Round:

Sahir Kristen Enos
$2,700 $1,100 $3,600

Double Jeopardy! Round responses

ON YOUR TOES
OUR NATION'S CAPITAL
HIGH SCHOOL ORIENTATION
MY MOM'S AN ATTORNEY
LET'S CELEBRATE!
JUST SAY "NO"
    $200 16
a tutu

Sahir
    $200 29
Easter

Sahir
    $200 15
yearbooks

Enos
    $200 5
briefs

Enos
    $200 6
Columbus Day

Enos
    $200 30
a nomad

Enos
    $400 17
(Sahir: What is a prima donna?)

prima ballerina

SahirKristen
    $400 25
(Alex: And we have about a minute left.)

Georgetown

Kristen
    $400 14
the valedictorian

Sahir
    $400 4
civil law

Sahir
    $400 7
Labor Day

Enos
    $400 28
nosedives

Sahir
    $1,000 22
an axe

Enos
    $600 21
the Vietnam Veterans Memorial

Enos
    $1,000 13
homecomings

Enos
    $600 3
power of attorney

Triple Stumper
    $600 8
hot air balloons

Enos
    $600 27
a no-hitter

Sahir
    $800 23
Sleeping Beauty

Enos
    $800 20
Ford's Theater

Sahir
    $800 12
(Sahir: What is a Sophie Hawkins Dance?)

Sadie Hawkins Dance

SahirEnos
    $800 2
the bar exam

Enos
    $800 9
Bastille Day

Enos
    $800 26
no-win

Enos
    $1000 24
Pablo Picasso

Sahir
    $1000 19
a giant panda

Sahir
    $1000 11
intramurals

Sahir
    $1000 1
Ruth Bader Ginsburg

Enos
    $1000 10
Venice

Kristen
    $1000 18
nomenclature

Sahir

Scores at the end of the Double Jeopardy! Round:

Sahir Kristen Enos
$8,500 $2,900 $13,000

Final Jeopardy! Round responses

TOYS
KristenWhat is Tyco??
$1,900
SahirWhat is Lego?
$8,000
EnosWhat is Milton Bradl
$2,000
Lego

Final scores:

Sahir Kristen Enos
$16,500 $1,000 $11,000

Game dynamics:

Coryat scores:

Sahir Kristen Enos
$8,500 $2,900 $12,500
21 R,
3 W
6 R,
0 W
29 R
(including 2 DDs),
1 W
(including 1 DD)

Combined Coryat: $23,900

The J! Archive is created by fans, for fans. Scraping, republication, monetization, and malicious use prohibited; this site may use cookies and collect identifying information. See terms. The Jeopardy! game show and all elements thereof, including but not limited to copyright and trademark thereto, are the property of Jeopardy Productions, Inc. and are protected under law. This website is not affiliated with, sponsored by, or operated by Jeopardy Productions, Inc. Join the discussion at JBoard.tv.